Literatura básica; v. 3 (Record no. 61029)

MARC details
000 -LÍDER
campo de controle de tamanho fixo 00329 a2200157 4500
001 - NÚMERO DE CONTROLE
campo de controle 61029
020 ## - ISBN - INTERNATIONAL STANDARD BOOK NUMBER
ISBN - International Standard Book Number
040 ## - FONTE DA CATALOGAÇÃO
Instituição que transcreveu o registro Anchieta - Pituba
100 ## - ENTRADA PRINCIPAL--NOME PESSOAL
Nome pessoal Samuel, Rogel
240 10 - TÍTULO UNIFORME
Título uniforme Literatura básica; v. 3
Idioma da obra por
245 10 - TÍTULO
Título Literatura básica; v. 3
300 ## - DESCRIÇÃO FÍSICA
Extensão 160
362 0# - DATAS DE PUBLICAÇÃO E/OU DESIGNAÇÃO SEQUENCIAL
Datas de publicação e/ou designação sequencial 1985
650 #4 - ASSUNTO--TERMO TÓPICO
Cabeçalho tópico ou nome geográfico LITERATURA
942 ## - ELEMENTOS DE ENTRADA ADICIONADOS (KOHA)
Tipo de material Koha Livros
Holdings
Situação do descarte Situação das perdas Situação física Não pode ser emprestado Biblioteca de origem Biblioteca atual Data de aquisição Total de empréstimos Número de chamada completo Código de barras Data de último acesso Data do preço efetivo Tipo de material Koha
        Colégio Anchieta - Pituba Colégio Anchieta - Pituba 21/11/2023   800 L776l LIT 12902/PIT 21/11/2023 21/11/2023 Livros